000 00588nam#a22002295a#4500
001 2925
245 1 4 _aEl desapego es una manera de querernos /
_cSelva Almada.
250 _a8ยช ed.
260 _aCABA :
_bLiteratura Random House,
_c2021.
300 _a304 p. ;
_c23 cm.
020 _a9789873650956
100 1 _aAlmada, Selva.
080 _a82-31
084 _aA31
653 _aLiteratura argentina
653 _aNarrativa argentina
040 _aAR-ClEAG
_cAR-ClEAG
008 220531s2021####ag#####g######001#f#spa#d
005 20241107184806.0
003 AR-ClEAG
942 _cBK
999 _c2925
_d2925
980 _62
_aEvangelina Gallicchio
_82
_gEvangelina Gallicchio